| 000 | 00963cam a2200289 a 4500 | ||
|---|---|---|---|
| 001 | 4432841 | ||
| 003 | OSt | ||
| 005 | 20140310184247.0 | ||
| 008 | 940422s1995 nyua j b 001 0 eng | ||
| 010 | _a 94018623 | ||
| 020 | _a0590459139 | ||
| 040 |
_aDLC _cDLC _dDLC |
||
| 042 | _alcac | ||
| 043 | _an-us--- | ||
| 050 | 0 | 0 |
_aTL 553 _b.H35 1995 |
| 100 | 1 |
_aHaskins, James, _d1941-2005. _927772 |
|
| 245 | 1 | 0 |
_aBlack eagles : _bAfrican Americans in aviation / _cJim Haskins. |
| 260 |
_aNew York : _bScholastic Inc., _cc1995. |
||
| 300 |
_a196 p. : _bill. ; _c22 cm. |
||
| 521 | _aG10 | ||
| 526 | _c1160 | ||
| 650 | 0 |
_aAfrican Americans in aeronautics _vJuvenile literature. _927773 |
|
| 906 |
_a7 _bcbc _corignew _d1 _eocip _f19 _gy-gencatlg |
||
| 942 |
_2lcc _cBK-SCHOLAS |
||
| 999 |
_c33332 _d33332 |
||